000 01324nam a2200241 a 4500
003 DLC
005 20250820112047.0
008 250820c1977 us|qr|p|r|||| 00| 0 spa d
022 _a0145-2134
035 _aUPN01000059729
040 _aMX-MxUPN
_bspa
_cMX-MxUPN
_eaacr2
245 0 0 _aChild abuse and neglect :
_bthe international journal
260 _aEstados Unidos :
_bInternational Society for Prevention of Child Abuse and Neglect : Pergamon Press,
_c1977-
310 _aTrimestral
510 _aElsevier
520 1 _aEs una publicación internacional e interdisciplinaria que publica artículos sobre bienestar infantil, salud, ayuda humanitaria, justicia, salud mental, salud pública y sistemas de servicios sociales. La revista reconoce que la protección de la infancia es una preocupación mundial que sigue evolucionando. Por consiguiente, la revista tiene por objeto ser útil para los académicos, los encargados de formular políticas, los ciudadanos interesados, los defensores y los profesionales profesionales de los países que son diversos en la riqueza, la cultura y la naturaleza de su sistema formal de protección de la infancia.
650 4 _aAbuso de niños
_971
650 0 _aSalud
_98453
653 0 _aInfancia
902 _aGloria Jiménez/200825
905 _aRevista
942 _cREV-I
999 _c59643
_d59643